A kábítószerrel kapcsolatos kriminálpolitika az Európai Unióban és Magyarországon

Elmentve itt :
Bibliográfiai részletek
Szerző: Hegedűsné Nagy Ágnes
További közreműködők: Karsai Krisztina (Témavezető)
Dokumentumtípus: Szakdolgozat
Megjelent: 2005
Tárgyszavak:
Online Access:http://diploma.bibl.u-szeged.hu/28732
LEADER 00625nta a2200157 i 4500
001 dipl28732
005 20130314085837.0
008 110818s2005 hu om 0|| zxx d
040 |a SZTE Diploma Repozitórium  |b hun 
041 |a zxx 
100 2 |a Hegedűsné Nagy Ágnes 
245 1 2 |a A kábítószerrel kapcsolatos kriminálpolitika az Európai Unióban és Magyarországon  |h [elektronikus dokumentum] /  |c Ágnes Hegedűsné Nagy 
260 |c 2005 
650 4 |a Jogi és igazgatási tanulmányok 
700 1 |a Karsai Krisztina  |e ths 
856 4 0 |u http://diploma.bibl.u-szeged.hu/id/eprint/28732/1/2005_hegedusne_nagy_agnes.pdf  |z Dokumentum-elérés